000 00679nam a2200181Ia 4500
008 151202s9999||||xx |||||||||||||| ||und||
082 _bPNVM-72830
100 _aपंडित श्रीनिवास.
245 _aडॉ.गेंडे व मित्रमंडळी.
260 _b"ऊर्जा प्रकाशन,पुणे."
260 _c72830
300 _a31
600 _aपंडित श्रीनिवास.
630 _aडॉ.गेंडे व मित्रमंडळी.
700 _aपंडित श्रीनिवास.
730 _aडॉ.गेंडे व मित्रमंडळी.
942 _cBOOK
999 _c1339495
_d1339492